000 00688nam a22002537a 4500
003 DEla salle
005 20140310183628.0
008 130212t xxu||||| |||| 00| 0 eng d
050 _aHB 3649
_b.T57 1999
100 _aTirol, Vicente G.
245 _aUnderstanding population and development :
_ba guide for media /
_cVicente G. Tirol.
260 _aQuezon City ;
_bCenter for Media Freedom & Responsibility,
_c1999.
300 _a26 p. :
_c23 cm.
_bill. ;
521 _aMC
562 _e6
650 _aPopulation.
_xPhilippines
942 _2lcc
_cBK
_kLOC
999 _c25558
_d25558